Union budget 2025-26: Some reflections (Record no. 529720)

000 -LEADER
fixed length control field 00851nam a22001337a 4500
008 - FIXED-LENGTH DATA ELEMENTS--GENERAL INFORMATION
fixed length control field 250506b ||||| |||| 00| 0 eng d
100 ## - MAIN ENTRY--PERSONAL NAME
Personal name Gupta, Krishna Kuamr
245 ## - TITLE STATEMENT
Title Union budget 2025-26: Some reflections
260 ## - PUBLICATION, DISTRIBUTION, ETC. (IMPRINT)
Place of publication, distribution, etc The Cooperator
300 ## - PHYSICAL DESCRIPTION
Extent 62(8), Feb, 2025: p.15-19
520 ## - SUMMARY, ETC.
Summary, etc The union budget 2025-26 has been received with a lot of enthusiasm and interest by all those interned with various sectors of the national economy in general. The budget has fussed on five major planks namely accelerating the growth, securing inclusive development, invigorating private sector investments, uplifting the household sentiments and enchasing spending power of India’s rising middle class amidst the clouds of lower global economic growth owner the medium term. – Reproduced
773 ## - HOST ITEM ENTRY
Main entry heading The Cooperator
942 ## - ADDED ENTRY ELEMENTS (KOHA)
Item type Articles
Holdings
Withdrawn status Lost status Source of classification or shelving scheme Damaged status Not for loan Permanent location Current location Date acquired Serial Enumeration / chronology Barcode Date last seen Koha item type
          Indian Institute of Public Administration Indian Institute of Public Administration 2025-05-06 62(8), Feb, 2025: p.15-19 AR135616 2025-05-06 Articles

Powered by Koha